[Event "Markdorf op"]
[Site "Markdorf"]
[Date "2004.05.23"]
[Round "7"]
[White "Vengring, Antal"]
[Black "Herz, Thomas"]
[Result "0-1"]
[WhiteElo "1794"]
[BlackElo "2043"]
[PlyCount "70"]
[EventDate "2004.05.20"]
[EventType "swiss"]
[EventRounds "7"]
[EventCountry "GER"]
[SourceTitle "EXT 2007"]
[Source "ChessBase"]
[SourceDate "2006.11.23"]
[SourceVersion "1"]
[SourceVersionDate "2006.11.23"]
[SourceQuality "1"]

1. e4 c5 2. Nf3 d6 3. Be2 Nc6 4. 0-0 g6 5. Nc3 Bg7 6. h3 e6 7. d3 Nge7 8. Re1 0-0 9. Nh2 Nd4 10. Be3 Nec6 11. a3 Bd7 12. Qd2 b5 13. Nd1 a5 14. Nf3 f5 15. Nxd4 Nxd4 16. Bxd4 Bxd4 17. c3 Bg7 18. exf5 gxf5 19. Bf3 Ra7 20. Qe3 Qf6 21. Qf4 e5 22. Bd5+ Kh8 23. Qf3 Bh6 24. Ne3 Be8 25. Qe2 Qh4 26. Be6 Bh5 27. Qf1 Bxe3 28. Rxe3 Rg7 29. Rc1 f4 30. Ree1 Bf3 31. Bg4 Bxg4 32. hxg4 Rxg4 33. f3 Rg3 34. Rc2 Rfg8 35. Rf2 Rh3 0-1

[Event "Markdorf op"]
[Site "Markdorf"]
[Date "2004.05.22"]
[Round "5"]
[White "Bantle, Manfred"]
[Black "Vengring, Antal"]
[Result "0-1"]
[WhiteElo "1910"]
[BlackElo "1794"]
[PlyCount "136"]
[EventDate "2004.05.20"]
[EventType "swiss"]
[EventRounds "7"]
[EventCountry "GER"]
[SourceTitle "EXT 2007"]
[Source "ChessBase"]
[SourceDate "2006.11.23"]
[SourceVersion "1"]
[SourceVersionDate "2006.11.23"]
[SourceQuality "1"]

1. d4 e6 2. Nf3 Nf6 3. e3 c5 4. Bd3 Nc6 5. 0-0 d5 6. b3 cxd4 7. exd4 Bd6 8. Bb2 Qc7 9. Re1 Nb4 10. Ne5 Nd7 11. Na3 a6 12. Re3 Nxd3 13. cxd3 Nf6 14. Nc2 Qe7 15. Rh3 Bd7 16. Rc1 Rc8 17. g4 g6 18. Ne3 Bc6 19. Rc2 Ba3 20. Bc3 0-0 21. Rf3 Nd7 22. Rg3 f6 23. Nf3 Bd6 24. Rg2 e5 25. Nd2 Bb4 26. Ba1 Qd6 27. Ndf1 Bb5 28. f3 exd4 29. Bxd4 Ne5 30. Bxe5 fxe5 31. Rxc8 Rxc8 32. Rc2 Rxc2 33. Qxc2 Qc5 34. Kf2 e4 35. fxe4 dxe4 36. d4 Qxd4 37. Qc8+ Kf7 38. Qxb7+ Be7 39. Qd5+ Qxd5 40. Nxd5 Bc5+ 41. Ke1 Bg1 42. h3 Bd3 43. Nb4 Bb1 44. Nd2 a5 45. Nxb1 axb4 46. a3 bxa3 47. Nxa3 Kf6 48. Nc4 Bc5 49. Ke2 Kg5 50. Nd2 Kf4 51. Nf1 e3 52. g5 Kxg5 53. Nxe3 Kh4 54. Nd5 Kxh3 55. b4 Ba7 56. b5 Kg3 57. b6 Bb8 58. b7 h5 59. Ne3 h4 60. Nf1+ Kg2 61. Ne3+ Kg1 62. Kf3 h3 63. Ng4 Bc7 64. Nf2 h2 65. Nh3+ Kf1 66. Nf2 g5 67. Nh1 g4+ 68. Kxg4 Kg2 0-1

[Event "Markdorf op"]
[Site "Markdorf"]
[Date "2004.05.21"]
[Round "4"]
[White "Vengring, Antal"]
[Black "Schneider, Bruno"]
[Result "0-1"]
[WhiteElo "1794"]
[BlackElo "1981"]
[PlyCount "72"]
[EventDate "2004.05.20"]
[EventType "swiss"]
[EventRounds "7"]
[EventCountry "GER"]
[SourceTitle "EXT 2007"]
[Source "ChessBase"]
[SourceDate "2006.11.23"]
[SourceVersion "1"]
[SourceVersionDate "2006.11.23"]
[SourceQuality "1"]

1. e4 c5 2. Nf3 e6 3. Be2 Qc7 4. 0-0 Nc6 5. d3 g6 6. Nc3 a6 7. Be3 b5 8. Qd2 d6 9. d4 Nf6 10. d5 Ne5 11. Nxe5 dxe5 12. Bg5 Bg7 13. dxe6 Bxe6 14. Bxf6 Bxf6 15. Nd5 Bxd5 16. exd5 Qd6 17. c4 b4 18. f4 exf4 19. Rae1 0-0 20. Bd1 Bd4+ 21. Kh1 Rae8 22. Ba4 Re3 23. Re2 f5 24. Rf3 Qe5 25. Rfxe3 fxe3 26. Qe1 f4 27. Qh4 f3 28. gxf3 Rxf3 29. Kg2 Rf4 30. Qd8+ Kg7 31. Qd7+ Rf7 32. Qg4 h5 33. Qg3 Qe4+ 34. Kg1 Rf6 35. Qc7+ Kh6 36. Rc2 e2# 0-1